000 00755cam a22002293a 4500
001 36703
003 PGUSA
005 20140828083811.0
008 110711s2011||||xxu|||||s|||||000 | eng d
040 _aPGUSA
_beng
042 _adc
100 1 _aJabberjee, Hurry Bungsho
245 1 2 _aA Bayard From Bengal :
_bBeing some account of the Magnificent and Spanking Career of Chunder Bindabun Bhosh,...
_h[electronic resource] /
_cHurry Bungsho Jabberjee
260 _bProject Gutenberg,
_c2011
506 _aPublic domain in the USA.
516 _aElectronic text
700 1 _aAnstey, F.,
_d1856-1934
700 1 _aPartridge, Bernard,
_d1861-1945
830 0 _aProject Gutenberg
_v36703
856 4 0 _uhttp://www.gutenberg.org/ebooks/36703
942 _cEB
999 _c265958
_d265958